000 00480nam a2200169Ia 4500
008 240729s9999 xx 000 0 und d
022 _a2348-3644
245 0 _aJournal of Cleft Lip Palate and Craniofacial Anomalies
260 _aIndia
260 _bWolters Kluwer Medknow Publications
650 _a Dentistry | Medicine
650 _a Surgery
650 _aMedicine
856 _uhttps://doaj.org/toc/a696de6ab332469e9cfd2fabdb9f969a
942 _2ddc
942 _cDOAJEJ
999 _c70199
_d70199
945 _a1
_bMadushi Gamage
_c1
_dMadushi Gamage